<?xml version="1.0" encoding="UTF-8"?>
<record
    xmlns:xsi="http://www.w3.org/2001/XMLSchema-instance"
    xsi:schemaLocation="http://www.loc.gov/MARC21/slim http://www.loc.gov/standards/marcxml/schema/MARC21slim.xsd"
    xmlns="http://www.loc.gov/MARC21/slim">

  <leader>00159nam a2200061Ia 4500</leader>
  <controlfield tag="008">170627s9999    xx            000 0 und d</controlfield>
  <datafield tag="100" ind1=" " ind2=" ">
    <subfield code="a">O- BRIEN JAMES A</subfield>
  </datafield>
  <datafield tag="245" ind1=" " ind2="0">
    <subfield code="a">MANAGEMENT INFORMATION SYSTEMS</subfield>
  </datafield>
  <datafield tag="999" ind1=" " ind2=" ">
    <subfield code="c">35192</subfield>
    <subfield code="d">35192</subfield>
  </datafield>
  <datafield tag="952" ind1=" " ind2=" ">
    <subfield code="0">0</subfield>
    <subfield code="1">0</subfield>
    <subfield code="2">ddc</subfield>
    <subfield code="4">0</subfield>
    <subfield code="7">0</subfield>
    <subfield code="a">22</subfield>
    <subfield code="b">22</subfield>
    <subfield code="d">2017-06-27</subfield>
    <subfield code="l">3</subfield>
    <subfield code="p">22-B-2538</subfield>
    <subfield code="q">2026-07-31</subfield>
    <subfield code="r">2026-04-08</subfield>
    <subfield code="s">2026-04-08</subfield>
    <subfield code="w">2017-06-27</subfield>
    <subfield code="y">02</subfield>
  </datafield>
  <datafield tag="952" ind1=" " ind2=" ">
    <subfield code="0">0</subfield>
    <subfield code="1">0</subfield>
    <subfield code="2">ddc</subfield>
    <subfield code="4">0</subfield>
    <subfield code="7">0</subfield>
    <subfield code="a">22</subfield>
    <subfield code="b">22</subfield>
    <subfield code="d">2017-06-27</subfield>
    <subfield code="l">0</subfield>
    <subfield code="p">22-B-2539</subfield>
    <subfield code="r">2017-06-27</subfield>
    <subfield code="w">2017-06-27</subfield>
    <subfield code="y">02</subfield>
  </datafield>
  <datafield tag="952" ind1=" " ind2=" ">
    <subfield code="0">0</subfield>
    <subfield code="1">0</subfield>
    <subfield code="2">ddc</subfield>
    <subfield code="4">0</subfield>
    <subfield code="7">0</subfield>
    <subfield code="a">22</subfield>
    <subfield code="b">22</subfield>
    <subfield code="d">2017-06-27</subfield>
    <subfield code="l">2</subfield>
    <subfield code="p">22-B-2540</subfield>
    <subfield code="q">2026-07-31</subfield>
    <subfield code="r">2026-04-30</subfield>
    <subfield code="s">2026-04-30</subfield>
    <subfield code="w">2017-06-27</subfield>
    <subfield code="y">02</subfield>
  </datafield>
  <datafield tag="952" ind1=" " ind2=" ">
    <subfield code="0">0</subfield>
    <subfield code="1">0</subfield>
    <subfield code="2">ddc</subfield>
    <subfield code="4">0</subfield>
    <subfield code="7">0</subfield>
    <subfield code="a">22</subfield>
    <subfield code="b">22</subfield>
    <subfield code="d">2017-06-27</subfield>
    <subfield code="l">1</subfield>
    <subfield code="p">22-B-2541</subfield>
    <subfield code="r">2018-12-31</subfield>
    <subfield code="s">2018-09-15</subfield>
    <subfield code="w">2017-06-27</subfield>
    <subfield code="y">02</subfield>
  </datafield>
  <datafield tag="952" ind1=" " ind2=" ">
    <subfield code="0">0</subfield>
    <subfield code="1">0</subfield>
    <subfield code="2">ddc</subfield>
    <subfield code="4">0</subfield>
    <subfield code="7">0</subfield>
    <subfield code="a">22</subfield>
    <subfield code="b">22</subfield>
    <subfield code="d">2017-06-27</subfield>
    <subfield code="l">5</subfield>
    <subfield code="p">22-B-2542</subfield>
    <subfield code="r">2025-08-04</subfield>
    <subfield code="s">2025-05-09</subfield>
    <subfield code="w">2017-06-27</subfield>
    <subfield code="y">02</subfield>
  </datafield>
  <datafield tag="952" ind1=" " ind2=" ">
    <subfield code="0">0</subfield>
    <subfield code="1">0</subfield>
    <subfield code="2">ddc</subfield>
    <subfield code="4">0</subfield>
    <subfield code="7">0</subfield>
    <subfield code="a">22</subfield>
    <subfield code="b">22</subfield>
    <subfield code="d">2017-06-27</subfield>
    <subfield code="l">0</subfield>
    <subfield code="p">22-B-2543</subfield>
    <subfield code="r">2017-06-27</subfield>
    <subfield code="w">2017-06-27</subfield>
    <subfield code="y">02</subfield>
  </datafield>
  <datafield tag="952" ind1=" " ind2=" ">
    <subfield code="0">0</subfield>
    <subfield code="1">0</subfield>
    <subfield code="2">ddc</subfield>
    <subfield code="4">0</subfield>
    <subfield code="7">0</subfield>
    <subfield code="a">22</subfield>
    <subfield code="b">22</subfield>
    <subfield code="d">2017-06-27</subfield>
    <subfield code="l">0</subfield>
    <subfield code="p">22-B-2544</subfield>
    <subfield code="r">2017-06-27</subfield>
    <subfield code="w">2017-06-27</subfield>
    <subfield code="y">02</subfield>
  </datafield>
  <datafield tag="952" ind1=" " ind2=" ">
    <subfield code="0">0</subfield>
    <subfield code="1">0</subfield>
    <subfield code="2">ddc</subfield>
    <subfield code="4">0</subfield>
    <subfield code="7">0</subfield>
    <subfield code="a">22</subfield>
    <subfield code="b">22</subfield>
    <subfield code="d">2017-06-27</subfield>
    <subfield code="l">2</subfield>
    <subfield code="p">22-B-2545</subfield>
    <subfield code="r">2022-08-17</subfield>
    <subfield code="s">2022-04-28</subfield>
    <subfield code="w">2017-06-27</subfield>
    <subfield code="y">02</subfield>
  </datafield>
  <datafield tag="952" ind1=" " ind2=" ">
    <subfield code="0">0</subfield>
    <subfield code="1">0</subfield>
    <subfield code="2">ddc</subfield>
    <subfield code="4">0</subfield>
    <subfield code="7">0</subfield>
    <subfield code="a">22</subfield>
    <subfield code="b">22</subfield>
    <subfield code="d">2017-06-27</subfield>
    <subfield code="l">2</subfield>
    <subfield code="p">22-B-2546</subfield>
    <subfield code="q">2026-07-31</subfield>
    <subfield code="r">2026-02-11</subfield>
    <subfield code="s">2026-02-11</subfield>
    <subfield code="w">2017-06-27</subfield>
    <subfield code="y">02</subfield>
  </datafield>
</record>
